Responses for Show #7377 - Tuesday, October 11, 2016

WE ASKED: Meet the Press host Chuck Todd.

Contestants

[<< previous game]

Kalen Meine, a bartender from Littleton, Colorado

Alice Emerson, a communications manager from Oreland, Pennsylvania

Pidge Meade, a technical writer and actress from Pacifica, California (whose 1-day cash winnings total $17,601)

[next game >>]

Jeopardy! Round responses

A BRIDGE TO SOMEWHERE
ONE-WORD FILM TITLES
THEY COME IN THREES
RUSSIAN FIRST NAME'S THE SAME
HOMOPHONIC DUOS
FAIR FARE
(Alex: After all, it's state fair time. Whatcha gonna eat when you go there?)
    $200 6
Michigan

Kalen
    $200 1
Cars

Kalen
    $200 9
cycling, running and swimming

Pidge
    $200 20
Mikhail

Alice
    $200 14
a sail sale

Alice
    $200 25
(Alex: Less than a minute now.)

cotton candy

Alice
    $400 7
the Florida Keys

Alice
    $400 2
Scarface

Pidge
    $400 10
isosceles

Kalen
    $400 21
(Alice: What is Gregor?)

Dmitri

PidgeAlice
    $400 15
which witch

Alice
    $400 26
a funnel cake

Alice
    $600 8
(Pidge: What is Appomattox?)

Gettysburg

Pidge
Triple Stumper
    $1,000 3
(Pidge: What is Barbershop?)

Friday

Pidge
    $600 11
the Niña, the Pinta, and the Santa Maria

Kalen
    $600 22
Andrei

Triple Stumper
    $600 16
prince prints

Kalen
    $600 27
curds

Kalen
    $800 19
Brooklyn

Pidge
    $800 4
Gladiator

Alice
    $800 12
Curaçao

Alice
    $800 23
Nikolai

Pidge
    $800 17
lox locks

Kalen
    $800 28
churros

Kalen
    $1000 5
Amélie

Kalen
    $1000 13
Balthazar

Alice
    $1000 24
Anatoly

Triple Stumper
    $1000 18
a naval navel

Triple Stumper
    $1000 29
[The end-of-round signal sounds.]

rocky road

Alice

Scores at the first commercial break (after clue 15):

Pidge Alice Kalen
-$1,000 $3,600 $2,400

Scores at the end of the Jeopardy! Round:

Pidge Alice Kalen
$1,000 $5,000 $5,200

Double Jeopardy! Round responses

FACTS ABOUT AUTHORS
THE FOREST FOR THE TREES
PSYCHOLOGY
SAME TITLE, DIFFERENT SONG
"MM"
IT HAPPENED ON MEET THE PRESS
(Chuck Todd: I'm Chuck Todd, presenting [*], some highlights from the longest-running TV news program in American history.) (Alex: And he is the current host of that program.)
    $400 11
Edith Wharton

Pidge
    $400 6
Sherwood Forest

Alice
    $400 1
addiction

Alice
    $400 16
(Kalen: What is "Baby"?)

"Sorry"

Kalen
Triple Stumper
    $400 21
femme

Pidge
    $400 26
the Olympics

Pidge
    $800 12
Coyote Ugly

Alice
    $800 7
(Alice: What are cypress trees?)

palms

AliceKalen
    $800 2
paranoid

Pidge
    $800 17
"Fame"

Pidge
    $800 22
simmer

Pidge
    $800 27
McCarthy

Pidge
    $3,000 13
Charlotte Brontë

Alice
    $1200 8
sequoia

Alice
    $1200 3
denial

Kalen
    $3,000 18
"Downtown"

Pidge
    $1200 23
summit

Kalen
    $1200 28
(Kalen: Who is Vernon Jordan?)

(Bill) de Blasio

PidgeKalen
    $1600 14
The Prophet

Triple Stumper
    $1600 9
oak

Kalen
    $1600 4
monotasking

Kalen
    $1600 19
"My Boo"

Triple Stumper
    $1600 24
(Alice: What is committed?)

immersed

AliceKalen
    $1600 29
Hoffa

Pidge
    $2000 15
Simone de Beauvoir

Kalen
    $2000 10
a birch tree

Triple Stumper
    $2000 5
Seasonal Affective Disorder

Kalen
    $2000 20
"Blue Monday"

Triple Stumper
    $2000 25
a commune

Pidge
    $2000 30
(Alex: And our thanks, of course, to Chuck Todd, the host of Meet the Press. Great place to spend Sunday morning, watching that show.)

(Indira) Gandhi

Pidge

Scores at the end of the Double Jeopardy! Round:

Pidge Alice Kalen
$15,200 $8,400 $15,600

[wagering suggestions for these scores]

Final Jeopardy! Round responses

GEOGRAPHY & LANGUAGE
AliceWhat is Steal port?
$0
PidgeWhat is Alcatraz
$1,800
KalenWhat is Lift
$15,600
Shanghai

Final scores:

Pidge Alice Kalen
$13,400 $8,400 $0
2-day champion: $31,001 2nd place: $2,000 3rd place: $1,000

Game dynamics:

Coryat scores:

Pidge Alice Kalen
$14,400 $6,600 $15,600
17 R
(including 1 DD),
2 W
(including 1 DD)
15 R
(including 1 DD),
3 W
17 R,
2 W

Combined Coryat: $36,600

[game clues] [game scores] [suggest correction]

Game tape date: Unknown
The J! Archive is created by fans, for fans. Scraping, republication, monetization, and malicious use prohibited; this site may use cookies and collect identifying information. See terms. The Jeopardy! game show and all elements thereof, including but not limited to copyright and trademark thereto, are the property of Jeopardy Productions, Inc. and are protected under law. This website is not affiliated with, sponsored by, or operated by Jeopardy Productions, Inc. Join the discussion at JBoard.tv.